| Virtuální polytechnická knihovna - Souborný katalog - Úplný záznam dokumentu - MARC |
Uživatel: --- |
-----nas 22-----zu 4500
001 SKVPK0031898
003 CZ-VPK
005 20260423134607.0
008 260423d19551974||||| | ||| || |||||||
040 $aABA013$bcze
222 0$aNucleus : Internationaler Atomdienst
245 00$aNucleus : Internationaler Atomdienst
260 $aNěmecko :$bBonn : Bundeshaus,$c1955-1974
650 07$afyzika$xfy$2psh
910 $aABA013$r1958-1974
| čtvrtek 14.05.2026 01:20:56 |
© 2001-2015 Národní technická knihovna |
[Virtuální polytechnická knihovna]
[Servisní centrum]
[Souborný katalog]